| 000 | 00822nam0a22002531 4500 | ||
|---|---|---|---|
| 001 | RU\NLR\INFOCOMM_18\5000664609 | ||
| 005 | 20250613095250.0 | ||
| 035 | _a(NLR Aleph) 009289419 | ||
| 090 |
_a9210699 _c9210699 |
||
| 100 | _a20100929d1975 |||y0rusy50 ca | ||
| 101 | 1 |
_aeng _crus |
|
| 102 | _aRU | ||
| 105 | _aa ||||000|y | ||
| 200 | 1 |
_aDown our street _e[For tiny tots] _fN. Elinson _gDraw. by the auth. _gTransl. from the Russ. by Natalie Ward |
|
| 210 |
_aΜ. _c"Progress" _dCop.1975 |
||
| 215 |
_a20 с. _cцвет. ил. _d28 см |
||
| 300 | _aВ вып. дан.: Н. Елинсон. У нас во дворе | ||
| 686 |
_aДл215 _2rubbk |
||
| 700 | 1 |
_aElinson _bN. L. _gNikolaj L'vovič _4070 |
|
| 801 | 1 |
_aRU _bNLR _c20100929 |
|
| 801 | 0 |
_aRU _bNLR _gPSBO |
|
| 852 |
_aNLR _jДл01 Д-8/441 |
||
| 942 | _cBOOK | ||
| 980 | _aNB | ||